[Event "Match 82__120'/40"]
[Site "Zürich"]
[Date "2025.??.??"]
[Round "9"]
[White "Scorpio 68000 sel. 4"]
[Black "Mephisto Explorer Pro"]
[Result "1/2-1/2"]
[Annotator "5,5-3,5 for Scorpio"]
[WhiteElo "2043"]
[BlackElo "2016"]
[WhiteFideId "-1"]
[BlackFideId "-1"]
[PlyCount "112"]
[GameId "542185697924"]
[EventDate "2025.10.05"]
[EventType "match"]
[EventRounds "50"]

{[%evp 0,112,28,33,51,-7,-3,-10,7,-1,10,9,25,27,56,22,24,24,32,-11,-7,-15,-2,-12,5,-22,-10,-6,19,-3,16,29,26,10,28,34,54,43,57,48,63,42,42,48,33,22,36,43,72,68,69,60,62,74,46,49,56,34,28,39,29,17,65,55,44,55,49,38,98,70,60,36,44,53,53,57,49,55,77,25,25,34,26,0,0,0,24,2,2,0,0,0,0,0,0,0,0,-42,-38,-35,-43,-36,-32,-33,-20,-12,0,0,0,-71,0,0,0,0,0]} 1. e4 c5 {Match Nr. 82 mit 120'/40 | Bediener: Rolf Bühler | Kommentator: Kurt Utzinger | 9. Partie: Remis | Zwischenstand: 5½-3½ für Scorpio 68000 sel. 4 | Stand hypothetisch: 5-4 für Mephisto Explorer Pro | Eröffnung: Sizilianische Verteidigung, Alapin Variante 2.c3 | Buchzüge 6 (54) von Scorpio; 4 (44) von Mephisto Explorer Pro | Partieverlauf: Der Mephisto Explorer Pro behandelte alle drei Phasen schlecht; vorerst als er sich noch in der Eröffnung auf die lange Rochade einliess, dann im damenlosen Mittelspiel sowie schliesslich auch im Endspiel. Aber offenbar war auch der Scorpio 68000 sel. 4 überfordert, konnte er doch diverse Male seine klaren Gewinnchancen nicht nutzen. Somit ein glückliches Remis für das Programm von Frans Morsch.} 2. c3 d5 {Alternativen sind:} (2... Nf6 3. e5 Nd5 4. d4 cxd4 5. Nf3 Nc6 6. Bc4 Nb6 7. Bb3 d5 8. exd6 Qxd6 $11) (2... e6 3. d4 d5 4. e5 (4. exd5 Qxd5 ({oder} 4... exd5 $11) 5. Nf3 ({oder} 5. Na3 $11) ({oder} 5. Be3) 5... Nf6) 4... Nc6 5. Nf3 $11) 3. exd5 Qxd5 4. d4 Nc6 $11 {***ENDE BUCH***} 5. Nf3 Bg4 6. Be2 $11 {***ENDE BUCH***} O-O-O $2 $16 {Die natürlich aussehende lange Rochade gefällt den modernen Engines gar nicht. Sie schrauben gegenüber 6...cxd4 und 6...e6 den Erwartungswert für Weiss von 50% auf 88%.} (6... cxd4 7. cxd4 e6 8. Nc3 Qa5 9. h3 Bxf3 10. Bxf3 Nf6 {½- (55) ½ (55) Aditya,M (2595)-Predke,A (2689) Samarkand 2023}) 7. dxc5 $6 {Dieser fade Tausch minimiert den weissen Vorteil von "deutlich besser" auf "leicht besser".} ({PROMENADE-bmi2:} 7. h3 {1.36(89%)/45} Bxf3 8. Bxf3 Qd7 9. dxc5 Qxd1+ 10. Bxd1 Nf6 11. O-O Nd5 12. a3 h6 13. Ra2 g5 14. g3 f5 15. b4 Bg7 16. Bb3 Rhf8 17. Kg2 Kb8 18. Re1 f4 19. Rc2 fxg3 20. fxg3 Ne5 21. Ree2 g4 22. hxg4 Nxg4 23. a4 e5 24. Bxd5 Rxd5 {[%eval 136,45] [%wdl 772,228,0]}) 7... Qxd1+ 8. Bxd1 e6 {Dem Ausgleich näher käme Schwarz mit 8...Se5.} (8... Ne5 9. Be2 Nd3+ 10. Bxd3 Rxd3 11. Be3 f6 12. h3 Bh5 13. Nbd2 e5 14. O-O-O $14) 9. O-O $6 $11 {Damit vergibt Weiss seinen Vorteil, den zu halten mit 9.b4 möglich war.} Bxc5 10. h3 Bh5 11. b4 Be7 (11... Bxf3 {ist eine Spur genauer} 12. Bxf3 Nxb4 13. cxb4 Bd4 $11) 12. a4 Nf6 13. Nbd2 Bd6 14. a5 $11 Bc7 {Das ergibt geringen Vorteil für Weiss. Den folgenden Vorstoss hätte Schwarz mit 14...a6 parieren können.} 15. a6 $14 b6 16. Bb2 Bf4 $6 {Erneut ungenau, so dass Schwarz bereits in gewisse Schwierigkeiten gerät.} ({besser} 16... Ne5 17. Nxe5 Rxd2 18. Nc4 Rxd1 19. Raxd1 Bxd1 20. Rxd1 Rd8 21. Rxd8+ Kxd8 22. Kf1 $14) 17. Nc4 {+/- 1.38(93%)/42 Mit einer Gewinnerwartung von 93% für Weiss steht Schwarz bereits kritisch.} Bg6 18. Be2 {[#]} Ne4 $18 {[%mdl 2] ***VERLIERT*** Um 0.25 Bauerneinheiten genauer war 18...Le4, so dass den übermächtigen Engines mit einer Bewertung von nun +- 2.00 (100%) bzw. (+99% =1% -0%) der Sieg für Weiss wohl nicht mehr zu nehmen wäre.} 19. Rad1 $2 {Vergibt eine ganze Bauerneinheit seines Vorteils. Eine mögliche und äusserst komplizierte Gewinnvariante für Weiss sähe nun beispielsweise wie folgt aus:} (19. b5 Ne7 20. Rfe1 Nc5 21. Ba3 Nd5 22. g3 Bc7 23. Nce5 Nb3 (23... Nxc3 24. Bc4 $18) 24. Nxg6 hxg6 25. Rab1 Nc5 26. Nd4 $3 Ne7 (26... Nxc3 27. Nc6 $1 $18) 27. Bg4 Kb8 (27... Nf5 28. Nc6 Rd6 29. Bxc5 bxc5 30. Nxa7+ Kd7 31. Nc6 $18) (27... f5 28. Bxc5 bxc5 29. Nxe6 fxg4 30. Nxd8 Bxd8 31. hxg4 $18) 28. Rbd1 Rhe8 29. Bf3 Bd6 30. Bb4 g5 31. Rd2 Bc7 32. Red1 Rd6 (32... e5 33. Bxc5 bxc5 34. Nb3 $18) 33. Kg2 Red8 34. Rb1 Kc8 35. Rdb2 R6d7 36. Bxc5 bxc5 37. Nc6 Bb6 (37... Re8 38. Nxa7+ Kb8 39. Nc6+ Kc8 40. Nxe7+ Rexe7 41. a7 $18) (37... Nxc6 38. bxc6 $18) 38. Nxd8 Rxd8 39. Rd1 $18 {aber das ist natürlich eine Variante, an der unsere Oldies aus begreiflichen Gründen zum Scheitern verurteilt sind.}) 19... Rhe8 $6 {Nicht die beste Verteidigung, die in 19...Sd6 bestand.} (19... Nd6 20. Nxd6+ Rxd6 21. g3 Rxd1 22. Rxd1 Bc7 {+/- 0.71(60%)/43}) 20. Nh4 Ne5 {Auch hier wäre 20...Sd6 die bessere Wahl gewesen.} 21. Nxe5 $6 $11 {Weiss vergibt seinen ganzen Vorteil. Mit 21.Sa3 +- 2.11 (100%bzw. (+100% =0% -0%) Depth 45 wäre Weiss auf dem Gewinnpfad geblieben.} Bxe5 22. Nf3 Bf6 23. Nd4 $11 {[#]} Rd6 $2 $18 {[%mdl 2] Statt auf d4 zu tauschen und dem Gegner einen isolierten Bauern anzuhängen, stürzt sich Schwarz mit seinem schlechten Turmmanöver wieder in eine verlorene Stellung.} (23... Bxd4 24. cxd4 f6 25. Rc1+ Kb8 26. Rfe1 Nd6 $11) 24. Nb5 Rxd1 25. Rxd1 Re7 (25... Kb8 26. Rd7 $18) 26. Bf3 $6 $16 {Droht zwar, mit Lxe4 Lxe4, Sd6+ Kc7, Sxe4 zu gewinnen. Aber 26.f4 war deutlich stärker.} (26. f4 {ist der einfachste Gewinnweg} Ng3 (26... Rd7 27. Rxd7 Kxd7 28. Nxa7 $18) 27. Bf3 Bc2 28. Rd2 Bb3 29. c4 Bxb2 30. Bb7+ Rxb7 31. axb7+ Kb8 32. Rxb2 Bxc4 33. Nd6 Bd5 34. Nxf7 $18) 26... Be5 27. Re1 $2 {Und futsch ist der Gewinn.} (27. Ba1 $1 f5 (27... Bb8 28. c4 Rd7 29. Rxd7 Kxd7 30. Bxg7 $18) 28. c4 Bb8 29. c5 bxc5 30. bxc5 Rd7 (30... Nxc5 31. Rc1 $18) 31. Rc1 Rd5 32. Bxe4 fxe4 33. Bxg7 e5 34. Bh6 e3 35. Bxe3 $18) 27... f5 28. Bxe4 fxe4 29. Bc1 Rd7 30. c4 $11 Bd4 $2 {Schwarz gerät damit wieder in Lebensgefahr.} 31. Kf1 $2 {Und erneut vergibt Weiss den Sieg, wobei es klar ist, dass beide Programme in dieser Stellung nur hilflos im Nebel stochern können.} (31. Be3 Bxe3 32. fxe3 Be8 33. Rf1 Kd8 34. Rc1 g5 35. Kh2 h5 36. c5 bxc5 37. bxc5 Rd5 38. Nxa7 Kc7 39. Rb1 Rxc5 40. Rb7+ Kd6 41. Rb8 Bd7 42. Nc8+ Bxc8 43. a7 Bb7 44. Rxb7 Ra5 45. h4 $1 (45. Kg3 $2 e5 $1 $11) 45... gxh4 (45... g4 46. Rh7 g3+ 47. Kh3 Ra1 48. Rxh5 Rxa7 49. Rg5 Ra3 50. Rxg3 $18) 46. Kh3 Ra3 47. Kxh4 Ra5 48. Rh7 Kc6 49. Kg3 Ra2 50. Kf4 Ra5 51. g3 Kd6 52. Kxe4 Ra4+ 53. Kf3 Ke5 54. Rxh5+ Kf6 55. Rh7 Kg6 56. Rb7 Kg5 57. e4 Ra3+ 58. Ke2 Kg4 59. Kd2 e5 (59... Kxg3 60. Rb3+ Rxb3 61. a8=Q $18) 60. Kc2 Kg5 61. Kb2 Ra6 62. Kc3 Ra4 63. Kb3 Ra1 64. Kc4 Kg4 65. Kc5 Kxg3 66. Rf7 Ra6 67. Kb5 Ra1 68. Kb6 Rb1+ 69. Kc7 Ra1 70. Kb8 Rb1+ 71. Rb7 $18) 31... e5 32. Be3 Bf7 33. Rc1 {[#]} Bxe3 $2 $18 {[%mdl 2] Stolpert wieder in den ***VERLUST***} (33... Be6 $11 {hält die Stellung}) 34. fxe3 Kb8 35. Ke2 $2 $11 {Nun ist es Weiss, der den möglichen Gewinn mit 35.c5 wieder vermasselt.} Rd3 36. c5 bxc5 37. bxc5 Rb3 38. Nd6 {[#]} Bg6 $2 $18 {[%mdl 2] ***VERLIERT*** wieder.} 39. Rc2 $2 $14 {Wie sein Gegner findet der Scorpio 68000 sel. 4 ebenso wenig die richtigen Züge in diesem Endspiel; 39.Td1 hätte gewonnen.} (39. Rd1 Kc7 40. Rd5 Rb2+ 41. Kf1 Ra2 42. Rxe5 Rxa6 43. g4 Ra2 44. h4 h6 45. h5 Bh7 46. Re7+ Kc6 47. Rxg7 Kxc5 48. Nf7 $18) 39... Kc7 40. g4 h5 41. gxh5 Bxh5+ $11 {Das Endspiel steht nun ausgeglichen und keines der beiden Programme begeht noch Fehler.} 42. Kf2 Rb4 43. Nf5 Bf7 44. Nxg7 Ra4 45. Nf5 Be6 46. Nd6 Bxh3 47. Nb5+ Kb8 48. Rb2 Rxa6 49. Nd6+ Kc7 50. Nxe4 Kc6 51. Kf3 Ra4 52. Rh2 Bg4+ 53. Kxg4 Rxe4+ 54. Kf3 Rc4 55. Ra2 Rxc5 56. Rxa7 Rc4 {***REMIS ABGEBROCHEN***} 1/2-1/2

[Event "Match 82__120'/40"]
[Site "Zürich"]
[Date "2025.??.??"]
[Round "10"]
[White "Mephisto Explorer Pro"]
[Black "Scorpio 68000 sel. 4"]
[Result "1-0"]
[Annotator "5,5-4,5 for Scorpio"]
[WhiteElo "2016"]
[BlackElo "2043"]
[WhiteFideId "-1"]
[BlackFideId "-1"]
[PlyCount "50"]
[GameId "542185697925"]
[EventDate "2025.10.05"]
[EventType "match"]
[EventRounds "50"]

{[%evp 0,50,28,-12,17,17,32,18,28,-7,-7,-18,-22,-40,-38,-32,-1,-1,-10,-6,-6,-6,83,76,111,109,109,104,115,115,244,220,266,261,316,216,225,225,209,209,302,185,509,494,494,498,735,759,959,1039,1214,1275,1294]} 1. c4 {[%mdl 1]} c5 {Match Nr. 82 mit 120'/40 | Bediener: Rolf Bühler | Kommentator: Kurt Utzinger | 10. Partie: Weiss (Mephisto Explorer Pro) gewinnt | Zwischenstand: 5½-4½ für Scorpio 68000 sel. 4 | Stand hypothetisch: 6-4 für Mephisto Explorer Pro | Eröffnung: Englisch, Symmetrie Variante mit ...d5 | Buchzüge 2 (56) von Scorpio; 2 (46) von Mephisto Explorer Pro | Partieverlauf: Den aus der Eröffnung erzielten geringen Vorteil vermasselt der Scorpio 68000 sel. 4. Wenige Züge später stürzt sich das Programm von David Kittinger mit der langen Rochade ins Unglück. Mit einem fast mustergültigen Angriff holt sich der Mephisto Explorer Pro den Sieg, ohne dem Gegner eine Chance einzuräumen. Eine top Leistung des holländischen Programms von Frans Morsch.} 2. Nc3 $11 {***ENDE BUCH***} e6 $11 {***ENDE BUCH***} 3. g3 d5 4. cxd5 exd5 5. Bg2 Nf6 6. Nf3 {Nur mit 6.d4 bleibt die Stellung im Gleichgewicht.} d4 $15 {Schwarz steht leicht besser} 7. Nb5 Bd7 $11 {Danach verpufft der geringe schwarze Vorteil.} (7... Be7 8. O-O Nc6 {-0.60(40%)/43}) (7... Nc6 8. O-O Be7 {-0.60(40%)/43}) 8. Ne5 Nc6 (8... Bxb5 $2 9. Qb3 $18) 9. Nxd7 Qxd7 10. O-O $11 O-O-O $2 $16 {In der letzten Partie war es Mephisto Explorer Pro, der mit der langen Rochade eine falsche Wahl traf. Mit dem gleichen Fehler in nicht identischer Stellung revanchiert sich nun der Scorpio 68000 sel. 4.} 11. Qa4 {Weiss steht bereits klar besser.} {[#]} Kb8 $2 $18 {[%mdl 2] Das ***VERLIERT*** gemäss den Engines. Besser was das kleinere Übel 11...a6 mit Bauernverlust.} (11... a6 12. Bxc6 bxc6 13. Qxa6+ Qb7 14. Qxb7+ Kxb7 15. Na3) 12. d3 $1 {Nun ist Schwarz wegen der Drohungen 13.Lf4 oder 13.Lxc6 bxc6 14.Lf4+ verloren.} Rc8 {Bewertung Scorpio 68000 sel. 4 nach 10 Min.: -00.81, Tiefe d08 34-35, Variante ...Tc8, Lf4+ Ka8, b4! h5, bxc5 Lxc5 | Ebenso wenig hilft 12...Sd5, die noch beste Verteidigung.} ({Rems M-091224-bmi2:} 12... Nd5 {+- 3.22(100%)/48} 13. Bxd5 Qxd5 14. Bf4+ Kc8 15. Nxa7+ Nxa7 16. Qxa7 Be7 17. e4 Qc6 18. b4 Kd7 19. Qa3 c4 20. dxc4 Ke8 21. c5 g5 22. Bd2 h5 23. Qd3 h4 24. a4 Qe6 25. Rfe1 Kf8 26. Re2 Rh6 27. a5 h3 28. e5 Rg6 29. f3 Rd5 30. Rae1 Kg7 31. Re4 Qd7 32. Kf2 Rc6 33. Bc1 Rc8 34. R1e2 Qa4 35. Bd2 Rcd8 36. Re1 Rf8 37. g4 Qc6 38. Rxd4 Rxd4 39. Qxd4 Rd8 40. Qe3 Qb5 41. Re2 Qc4 42. Qc3 Qe6 43. Re4 Qa2 44. Rd4 Qb1 45. Be1 Rxd4 46. Qxd4 {[%eval 322,48] [%wdl 1000,0,0]}) 13. Bf4+ Ka8 14. b4 $1 {Weiss führt den Angriff hervorragend.} h5 ({Scorpio 68000 sel. 4 nach 10 Min:} 14... a6 {Bewertung -01.04, Tiefe d08 37-38, Variante} 15. bxc5 Bxc5 16. Rfc1 Nb4 17. Nc7+ Rxc7 {gemäss Stockfish 17.1 wäre es nun nach} 18. Qxd7 Rxd7 19. Rxc5 {+ 2.71}) 15. Rac1 {Auch 15.Tfc1 und 15.bxc5 gewinnen.} h4 {Bewertung Scorpio 68000 sel. 4 nach 18 Min.: -00.86, Tiefe d08 38-39, Variante ...h4, bxc5 hxg3, hxg3 Th5, Sd6 Lxd6 und somit hat das Programm noch keine Ahnung von seinem Unglück.} 16. bxc5 hxg3 17. hxg3 a6 18. Nd6 Bxd6 {Scorpio -01.61} 19. cxd6 Rh5 {Scorpio -01.49 (Lf3)} 20. Bf3 {Auch 20.Txc6 oder 20.Db3 gewinnen.} Ng4 21. Rxc6 $1 {Der Mephisto Explorer Pro in seinem Element.} Rxc6 22. Qxd4 f5 (22... f6 23. Bxg4 Qxg4 24. d7 Rh8 25. d8=Q+ Rxd8 26. Qxd8+ {mit leichtem Gewinn}) (22... Rf5 23. Bxg4 Rxf4 24. Qxf4 Qxd6 25. Qxf7 $18 {mit leichtem Gewinn}) (22... Rxd6 23. Qxd6 Qxd6 24. Bxd6 $18 {mit leichtem Gewinn}) 23. Bxc6 Qxc6 24. f3 (24. d7 $4 Qh1#) 24... Nf6 25. Rc1 {Weiss hat Mattangriff} Qxc1+ {***AUFGEGEBEN***} ({PROMENADE-bmi2: 1)} 25... Qxc1+ 26. Bxc1 f4 27. Bxf4 Rh8 28. Be3 Kb8 29. Qa7+ Kc8 30. Qc5+ Kd7 31. Qc7+ Ke6 32. Qe7+ Kf5 33. Qf7 Rf8 34. g4+ Ke5 35. d4+ Kxd6 36. Bf4+ Kc6 37. Qc7+ Kb5 38. Qc5+ Ka4 39. Bd2 Re8 40. Qb4# {[%eval 32738,63] [%wdl 1000,0,0]}) ({PROMENADE-bmi2: 2)} 25... Qe8 26. Be3 Qxe3+ 27. Qxe3 Rh8 28. Qe7 Nd5 29. Qxg7 Rd8 30. Qd4 Kb8 31. Qxd5 Rd7 32. Qe5 Rd8 33. Rc7 Ka7 34. Qc5+ Ka8 35. Qb6 Rb8 36. f4 Rh8 37. Qxb7# {[%eval 32744,62] [%wdl 1000,0,0]}) 1-0

[Event "Match 82__120'/40"]
[Site "Zürich"]
[Date "2025.??.??"]
[Round "11"]
[White "Scorpio 68000 sel. 4"]
[Black "Mephisto Explorer Pro"]
[Result "1/2-1/2"]
[Annotator "6-5 for Scorpio"]
[WhiteElo "2043"]
[BlackElo "2016"]
[WhiteFideId "-1"]
[BlackFideId "-1"]
[PlyCount "89"]
[GameId "542185697926"]
[EventDate "2025.10.05"]
[EventType "match"]
[EventRounds "50"]

{[%evp 0,89,25,25,18,-3,-6,-3,-14,-4,-10,-31,5,8,14,14,38,23,46,45,47,43,43,10,21,-7,34,-26,-13,-43,-36,-32,-36,-28,-41,-93,-83,-85,-10,-20,-20,-11,-42,-42,-15,-57,-62,-87,-46,-40,-21,-60,-68,-92,-101,-211,-211,-211,-198,-197,-205,-543,-230,-229,-237,-237,-232,-236,-232,-228,-243,-267,-308,-312,-320,-324,-324,-312,0,0,0,0,0,0,0,0,0,0,0,0,0,0]} 1. d4 Nf6 {Match Nr. 82 mit 120'/40 | Bediener: Rolf Bühler | Kommentator: Kurt Utzinger | 11. Partie: Remis | Zwischenstand: 6-5 für Scorpio 68000 sel. 4 | Stand hypothetisch: 7-4 für Mephisto Explorer Pro | Eröffnung: Damenbauer, Trompowsky Angriff mit 3.Lxf6 | Buchzüge 3 (59) von Scorpio; 4 (50) von Mephisto Explorer Pro | Partieverlauf: Nach der fragwürdigen langen Rochade 13.0-0-0?! an den falschen Flügel folgt bereits zwei Züge später mit 15.Kb1?, womit sich der Scorpio 68000 sel. 4 das eigene Grab schaufelt. Der Mephisto Explorer Pro findet zwar nicht beste Entgegnung und muss sich mit geringem Vorteil begnügen. Daran ändert sich längere Zeit nichts. Mit dem seine Königssicherheit vernachlässigenden Bauernvorstoss 27.h5? gerät das Programm von David Kittinger sofort in Schieflage. Schwarz kann in einem Damenendspiel zwei Bauern gewinnen. Alles deutet auf einen ungefährdeten Sieg des Mephisto Explorer Pro hin. Doch stolpert das Programm von Frans Morsch dann doch noch mit seinem Bauernvorstoss 38...a5?, weil der Gegner ein Dauerschach mit der Dame hat.} 2. Bg5 d5 3. Bxf6 $11 {***ENDE BUCH***} exf6 4. e3 c6 $11 {***ENDE BUCH***} 5. c4 Be6 (5... dxc4 {ist die übliche Fortsetzung} 6. Bxc4 Bd6 7. Nc3 O-O $11 {½- (73) ½ (73) Firouzja,A (2749)-Tomashevsky,E (2706) Chess.com INT 2021}) 6. cxd5 Bxd5 7. Nc3 Bb4 8. Nge2 Qa5 9. a3 Bxc3+ 10. Nxc3 O-O 11. Qh5 g6 12. Qh4 f5 13. O-O-O $6 {Die dritte Partie in Folge, wo unsere Schätze die fragwürdige lange Rochade ausführen.} Re8 {Natürlich war hier 13...b5 angesagt, um dem gegnerischen König schon mal Angst zu machen.} 14. Qh6 Nd7 $11 {[#]} 15. Kb1 $2 $19 {[%mdl 32768] Weiss ***VERLIERT***} Nf6 {Das genügt noch immer für Vorteil, aber 15...b5 wäre ein Gewinnzug.} ({Rems M-091224-bmi2:} 15... b5 {-+ 3.23(0%)/47} 16. Nxd5 cxd5 17. Qf4 Re6 18. e4 fxe4 19. Qd2 Qxd2 20. Rxd2 a6 21. Be2 Nf8 22. Rc1 Rd6 23. Ka2 Ne6 24. Kb3 f5 25. h4 Kg7 26. Kb4 h6 27. Ka5 g5 28. hxg5 hxg5 29. b3 Rh8 30. a4 Kf6 31. g3 Rh2 32. Rf1 Rh7 33. Ra1 g4 34. Raa2 Ra7 35. Rab2 Ra8 36. Rb1 Rc6 37. Rh1 Kg7 38. Rb1 Rac8 39. axb5 axb5 40. Kb4 Kf6 41. Rh1 Rc2 42. Rxc2 Rxc2 {[%eval -313,47] [%wdl 0,0,1000]}) 16. f3 (16. Qg5 Kg7 17. Nxd5 Ne4) 16... Re6 17. Nxd5 Nxd5 18. Bc4 b5 19. Bxd5 cxd5 20. h4 Qd8 21. Rd3 Rc8 22. g4 fxg4 23. fxg4 Rec6 24. Rb3 Qe7 25. Ka2 Qe4 26. Rg1 a6 27. h5 $2 $19 {Für diesen pseudo-Angriff hat Weiss keine Zeit mehr. Nun kann Schwarz problemlos gewinnen.} (27. Qf4 {Die einzige Verteidigung, um ein rasches Desaster zu verhindern.} Qxf4 28. exf4 Rc4 29. Rd3 Re8 30. f5 Re4 31. fxg6 hxg6 32. Rf3 Rcxd4 33. Rgf1 Re7 34. Rf6 Rxg4 35. Rxa6 Rxh4 36. Rb6 Kg7 37. Rxb5 Rd4 {und zumindest zwischen zwei Oldies wäre der Kampf noch nicht entschieden.}) 27... Rc1 {droht ...Db1 Matt} 28. Rxc1 Rxc1 {droht ...Db1 Matt} 29. Rc3 {erzwungen} Rxc3 30. hxg6 hxg6 31. bxc3 Qc2+ 32. Ka1 Qxc3+ 33. Ka2 Qc2+ 34. Ka1 Qb3 35. Qg5 Qxa3+ {Damit sollte die Sache endgültig zugunsten von Schwarz gelaufen sein.} 36. Kb1 Qb3+ 37. Kc1 b4 {Gegen diesen Freibauern ist kein Kraut gewachsen.} 38. Qe5 {[#]} a5 $2 $11 {Vermasselt die gewonnene Partie zum Remis, weil Weiss nun Dauerschach geben kann.} (38... Qc3+ 39. Kd1 b3 40. Qe8+ Kg7 41. Qe5+ f6 $1 {verhindert das Dauerschach, weil Weiss wegen der auf c3 stehenden Dame nicht Dc7+ spielen kann.} 42. Qe7+ Kh6 43. Qxf6 Qd3+ 44. Ke1 Qxe3+ 45. Kd1 Qd3+ 46. Ke1 Qe4+ 47. Kd2 b2 48. g5+ Kh5 49. Qh8+ Kxg5 50. Qd8+ Kg4 51. Qc8+ Qf5 $19) 39. Qe8+ Kg7 40. Qe5+ Kh7 41. Qh2+ Kg8 42. Qb8+ Kh7 43. Qh2+ Kg8 44. Qb8+ Kh7 45. Qh2+ {***3x REMIS***} 1/2-1/2